000 00843aab a2200193 i 4500
001 768714001
003 CO-MdFUSB
005 20240320122843.0
008 240320t1992 ag ||||| |||| 00| 0 spa d
040 _bspa
_cCO-MdFUSB
041 _aspa
100 1 _aBreneman, Mervin (1930-)
_eautor
245 1 3 _aLa ética del Antiguo Testamento (13) :
_bla santidad y la veracidad
_c/ Mervin Breneman
300 _aVolumen 12, número 4 (octubre - diciembre, 1993), páginas: 26 - 27
_c; 27 cm
520 _aEn este artículo se dará a conocer al aplicación del noveno mandamiento en diferentes épocas del Antiguo Testamento y cuáles son sus implicaciones para nosotros.
653 _aMandamientos
773 0 _tIglesia y Misión
_049402
_959656
_gVolumen 12, número 4 (octubre - diciembre, 1993), páginas: 26 - 27
_qpáginas: 26
942 _cANA
999 _c52018
_d52018